| 000 | 01015cab a2200241 4500 | ||
|---|---|---|---|
| 001 | E1957 | ||
| 008 | 090401t1993 xxu||||| |||| 00| 0 eng d | ||
| 035 | _a(Sirsi) u36589 | ||
| 041 | _aeng | ||
| 245 | _aHarris v Douglass; Erskine v Douglass | ||
| 260 | _c1993 | ||
| 350 | _a0 | ||
| 490 |
_aScots Law Times _v1993 SLT (Lands Tri.) 56-60(5) |
||
| 520 | _aLands Tribunal for Scotland. 21 December 1992. Heritable property - land obligations - discharge of land obligations - prohibition on alterations without superior`s consent - superior prepared to grant consent but only on payment - whther obligation impeding reasonable use of land. Conveyancing and Feudal Reform (Scotland) Act 1970 (c35), s1 (3)(c). | ||
| 650 | _aCONVEYANCING AND FEUDAL REFORM (SCOTLAND) ACT 1970 | ||
| 650 | _aHERITABLE PROPERTY | ||
| 650 | _aLAND OBLIGATIONS | ||
| 650 | _aLANDS TRIBUNAL FOR SCOTLAND | ||
| 650 | _aRESTRICTIVE COVENANTS | ||
| 690 | _aPROPERTY LAW AND PRACTICE-CASE LAW | ||
| 942 | _n0 | ||
| 948 | _c04/03/1997 | ||
| 999 |
_c23710 _d23710 |
||